Name the Cardinal Directions - Statistics

General Stats
  • This quiz has been taken 39 times
    22 since last reset
  • The average score is 9 of 16
Answers on the Map
Answers color-coded by a green-red scale on the quiz's map according to % correct below.
 
Answer Stats
Degrees Direction % Correct
North
100%
180° South
100%
270° West
100%
90° East
94%
45° Northeast
94%
135° Southeast
94%
315° Northwest
88%
225° Southwest
81%
337.5° North-Northwest
31%
67.5° East-Northeast
25%
22.5° North-Northeast
25%
157.5° South-Southeast
25%
202.5° South-Southwest
25%
247.5° West-Southwest
19%
112.5° East-Southeast
13%
292.5° West-Northwest
13%
No matching quizzes found
Score Distribution
Percent of People with Each Score
Percentile by Number Answered
Your Score History
You have not taken this quiz since the last reset